000 00818nam a2200241Ia 4500
003 OSt
005 20210610134404.0
008 210310s1993 eu ao gr 000 0 eng d
020 _a0452269350
040 _aCO-JMCR
_cCO-JMCR
041 0 _aeng
082 0 4 _a363.7 /
_bG666e
_223
100 1 _aGore, Albert,
_916003
_eautor
245 1 0 _aEarth in the balance :
_becology and the human spirit /
_cAl Gore
260 _aNew York :
_bPlume Book,
_c1984
300 _axx, 407 páginas :
_bilustraciones y fotografías a blanco y negro ;
_c21 cm.
504 _aBibliografía: páginas [386]-393
505 0 _aBalance at Risk -- The search for balance -- Striking the balance
650 1 4 _aEcología humana
_916005
650 2 4 _aProtección del medio ambiente
_938324
650 2 4 _aAmbiental
_938325
942 _2ddc
_cBK
999 _c7985
_d7985